000
00315nam a22001457a 4500
008
210520b ||||| |||| 00| 0 eng d
020
_a
0534467741
041
_a
eng
080
_2
4th
_a
541
082
_a
541
100
_a
12
101
_a
KIM
245
_a
Organic Chemistry
_c
William H. Brown
942
_2
udc
_c
BK
999
_c
57554
_d
57554